000
00244nam a2200097Ia 4500
001
782844
005
20250826170211.0
008
250824s9999 xx 000 0 und d
245
0
_a
BİLGE ÇEKİRGE
_c
ABDURRAHMAN KOÇ
260
_b
AKVARYUM YAYINLARI
999
_c
782844
_d
782844